IEEE/ASME transactions on mechatronics (Record no. 38254)

MARC details
000 -LEADER
fixed length control field 00490nam a2200169Ia 4500
022 ## - INTERNATIONAL STANDARD SERIAL NUMBER
ISSN 1083 - 4435
050 ## - CALL MARK
Classification number TJ163.12 .I34/
245 #0 - TITLE STATEMENT
Title IEEE/ASME transactions on mechatronics
260 ## - PUBLICATION, DISTRIBUTION, ETC. (IMPRINT)
Place of publication New York, NY
260 ## - PUBLICATION, DISTRIBUTION, ETC. (IMPRINT)
Name of publisher Institute of Electrical and Electronics Engineers
260 ## - PUBLICATION, DISTRIBUTION, ETC. (IMPRINT)
Year of publication 2023
300 ## - PHYSICAL DESCRIPTION
Number of Pages : ill. ; 28 cm.
650 ## - SUBJECT ADDED ENTRY--TOPICAL TERM
Topical Term Mechatronics--Periodicals. Mechatronics--Periodicals.
942 ## - ADDED ENTRY ELEMENTS (KOHA)
Koha item type Serials

No items available.